[Event "SRB-chT Premier"]
[Site "Vrnjacka Banja"]
[Date "2022.09.26"]
[Round "7.1"]
[White "Laketic, Gojko"]
[Black "Brenjo, Slavisa"]
[Result "1/2-1/2"]
[WhiteElo "2255"]
[BlackElo "2409"]
[PlyCount "61"]
[EventDate "2022.09.20"]
[EventType "team-tourn"]
[EventRounds "11"]
[EventCountry "SRB"]
[SourceTitle "CBM 210 Extra"]
[Source "ChessBase"]
[SourceDate "2022.11.30"]
[SourceVersion "1"]
[SourceVersionDate "2022.11.30"]
[SourceQuality "1"]
[WhiteTeam "Ruma Sloven"]
[BlackTeam "Novi Sad SK"]
[WhiteTeamCountry "SRB"]
[BlackTeamCountry "SRB"]

1. d4 Nf6 2. c4 g6 3. Nc3 Bg7 4. e4 d6 5. Nf3 0-0 6. Be2 e5 7. d5 a5 8. Bg5 h6 9. Bh4 Na6 10. Nd2 Qe8 11. Rb1 Bd7 12. 0-0 Nh7 13. b3 h5 14. f3 Bh6 15. a3 Nc5 16. Qc2 Be3+ 17. Kh1 Bd4 18. Nb5 Bxb5 19. cxb5 f5 20. b4 axb4 21. axb4 Na4 22. Rb3 Qf7 23. Ra3 Nb6 24. Ra5 g5 25. Be1 f4 26. Nb3 Be3 27. Bd2 Bxd2 28. Nxd2 Rab8 29. Rc1 Rfc8 30. Ra3 Nf6 31. Qd1 1/2-1/2

[Event "Novi Sad Put Svile IM Mix 6"]
[Site "Novi Sad"]
[Date "2021.08.09"]
[Round "3"]
[White "Aditya, Bikram Paul"]
[Black "Laketic, Gojko"]
[Result "1-0"]
[WhiteElo "2080"]
[BlackElo "2307"]
[PlyCount "57"]
[EventDate "2021.08.08"]
[EventType "swiss"]
[EventRounds "9"]
[EventCountry "SRB"]
[SourceTitle "CBM 203 Extra"]
[Source "ChessBase"]
[SourceDate "2021.09.30"]
[SourceVersion "1"]
[SourceVersionDate "2021.09.30"]
[SourceQuality "1"]

1. d4 Nf6 2. c4 g6 3. g3 Bg7 4. Bg2 0-0 5. Nf3 d5 6. cxd5 Nxd5 7. 0-0 Nb6 8. Nc3 Nc6 9. e3 Re8 10. Re1 e5 11. d5 Na5 12. e4 Nac4 13. b3 Nd6 14. a4 a5 15. Ba3 Bg4 16. Qd3 Bxf3 17. Qxf3 Qd7 18. Rac1 h5 19. Bf1 Rec8 20. h4 Ne8 21. Qh1 Qd8 22. Bh3 Nd7 23. Qf3 Bf8 24. Bb2 Ra6 25. Nb5 Rf6 26. Qd3 Bc5 27. Rc2 Bb6 28. Bxd7 Qxd7 29. Bxe5 1-0

[Event "Novi Sad Put Svile IM Mix 6"]
[Site "Novi Sad"]
[Date "2021.08.08"]
[Round "1"]
[White "Laketic, Gojko"]
[Black "Albers, Sasa"]
[Result "1/2-1/2"]
[WhiteElo "2307"]
[BlackElo "2053"]
[PlyCount "88"]
[EventDate "2021.08.08"]
[EventType "swiss"]
[EventRounds "9"]
[EventCountry "SRB"]
[SourceTitle "CBM 203 Extra"]
[Source "ChessBase"]
[SourceDate "2021.09.30"]
[SourceVersion "1"]
[SourceVersionDate "2021.09.30"]
[SourceQuality "1"]

1. d4 Nf6 2. Nf3 b6 3. g3 Bb7 4. c4 e6 5. Bg2 Be7 6. 0-0 0-0 7. Nc3 Ne4 8. Bd2 d5 9. cxd5 exd5 10. Rc1 Nd7 11. Ne1 Nxc3 12. Bxc3 Re8 13. Nd3 a5 14. Qc2 c6 15. Rfd1 Bd6 16. a3 Rc8 17. e3 g6 18. b4 axb4 19. Nxb4 b5 20. a4 bxa4 21. Qxa4 Ra8 22. Qb3 Nb6 23. Be1 Bxb4 24. Qxb4 Rb8 25. Qc5 Nd7 26. Qa7 Qb6 27. Qa5 Ba6 28. Qxb6 Rxb6 29. Ba5 Rb5 30. Bc7 Re6 31. Ra1 Rb7 32. Rxa6 Rxc7 33. Bh3 f5 34. Rc1 Kf7 35. g4 Kf6 36. gxf5 gxf5 37. Bg2 c5 38. Ra5 Rd6 39. dxc5 Rdc6 40. Bxd5 Rxc5 41. Ra6+ Ke5 42. Rxc5 Nxc5 43. Rc6 Rxc6 44. Bxc6 f4 1/2-1/2

[Event "Novi Sad Put Svile IM 5th"]
[Site "Novi Sad"]
[Date "2021.08.06"]
[Round "9"]
[White "Laketic, Gojko"]
[Black "Vratonjic, Slobodan"]
[Result "1/2-1/2"]
[WhiteElo "2307"]
[BlackElo "2338"]
[PlyCount "22"]
[EventDate "2021.08.01"]
[EventType "tourn"]
[EventRounds "9"]
[EventCountry "SRB"]
[SourceTitle "CBM 203 Extra"]
[Source "ChessBase"]
[SourceDate "2021.09.30"]
[SourceVersion "1"]
[SourceVersionDate "2021.09.30"]
[SourceQuality "1"]

1. e4 e6 2. d4 d5 3. Nd2 dxe4 4. Nxe4 Bd7 5. Nf3 Bc6 6. Bd3 Nd7 7. Qe2 Bxe4 8. Bxe4 c6 9. 0-0 Ngf6 10. Bg5 Be7 11. Bd3 0-0 1/2-1/2

[Event "Novi Sad Put Svile Schev"]
[Site "Novi Sad"]
[Date "2021.??.??"]
[Round "2"]
[White "Bogaudinov, Rushan"]
[Black "Laketic, Gojko"]
[Result "1-0"]
[WhiteElo "1933"]
[BlackElo "2333"]
[PlyCount "43"]
[EventDate "2021.07.20"]
[EventType "schev"]
[EventRounds "8"]
[EventCountry "SRB"]
[SourceTitle "EXT 2022"]
[Source "ChessBase"]
[SourceDate "2021.10.06"]
[SourceVersion "1"]
[SourceVersionDate "2021.10.06"]
[SourceQuality "1"]
[WhiteTeam "Theam B"]
[BlackTeam "Theam A"]
[WhiteTeamCountry "SRB"]
[BlackTeamCountry "SRB"]

1. e4 d6 2. d4 Nf6 3. Nc3 e5 4. Nf3 Nbd7 5. Be2 c6 6. 0-0 Be7 7. Re1 0-0 8. a4 a5 9. h3 Re8 10. Bc4 h6 11. b3 Bf8 12. d5 Nc5 13. Ba3 Na6 14. Qd2 Nb4 15. Rad1 Nh5 16. Ne2 cxd5 17. Bxd5 Nxd5 18. Qxd5 Nf6 19. Qd3 Qb6 20. Ng3 Be6 21. c4 Rad8 22. Rc1 1-0

[Event "Novi Sad Put Svile Schev"]
[Site "Novi Sad"]
[Date "2021.??.??"]
[Round "5"]
[White "Laketic, Gojko"]
[Black "Aditya, Bikram Paul"]
[Result "1/2-1/2"]
[WhiteElo "2333"]
[BlackElo "1964"]
[PlyCount "112"]
[EventDate "2021.07.20"]
[EventType "schev"]
[EventRounds "8"]
[EventCountry "SRB"]
[SourceTitle "EXT 2022"]
[Source "ChessBase"]
[SourceDate "2021.10.06"]
[SourceVersion "1"]
[SourceVersionDate "2021.10.06"]
[SourceQuality "1"]
[WhiteTeam "Theam A"]
[BlackTeam "Theam B"]
[WhiteTeamCountry "SRB"]
[BlackTeamCountry "SRB"]

1. d4 Nf6 2. Nf3 e6 3. c4 Bb4+ 4. Bd2 c5 5. Bxb4 cxb4 6. a3 Nc6 7. axb4 Nxb4 8. Nc3 0-0 9. e3 b6 10. Be2 a5 11. 0-0 Ba6 12. Nd2 Rc8 13. Na2 Nxa2 14. Rxa2 d5 15. b3 Nd7 16. cxd5 Bxe2 17. Qxe2 exd5 18. Qb5 Nb8 19. b4 Nc6 20. bxa5 Nxa5 21. Rb1 Rb8 22. Rc2 Qd6 23. Rbc1 g6 24. h3 Rb7 25. Rc3 Kg7 26. Nb3 Nc4 27. e4 Na3 28. Qa6 Rbb8 29. exd5 Ra8 30. Qb7 Rfb8 31. Qc6 Rd8 32. Rf3 Qxd5 33. Qxb6 Rab8 34. Qf6+ Kg8 35. Rc7 Rd7 36. Rxd7 Qxd7 37. Nc5 Qc7 38. g3 Nc4 39. Ne4 Rb6 40. Qh4 f5 41. Nf6+ Kh8 42. Nd5 Rb1+ 43. Kg2 Qd6 44. Nc3 Re1 45. d5 Ne5 46. Re3 Rxe3 47. fxe3 Qb6 48. Qd4 Qxd4 49. exd4 Nf7 50. g4 fxg4 51. hxg4 h5 52. gxh5 gxh5 53. Ne4 Kg7 54. d6 Kf8 55. Kg3 Ke8 56. Kf4 Kd7 1/2-1/2

[Event "Novi Sad Put Svile Schev"]
[Site "Novi Sad"]
[Date "2021.??.??"]
[Round "3"]
[White "Laketic, Gojko"]
[Black "Varvaglione, Antonio"]
[Result "0-1"]
[WhiteElo "2333"]
[BlackElo "2116"]
[PlyCount "46"]
[EventDate "2021.07.20"]
[EventType "schev"]
[EventRounds "8"]
[EventCountry "SRB"]
[SourceTitle "EXT 2022"]
[Source "ChessBase"]
[SourceDate "2021.10.06"]
[SourceVersion "1"]
[SourceVersionDate "2021.10.06"]
[SourceQuality "1"]
[WhiteTeam "Theam A"]
[BlackTeam "Theam B"]
[WhiteTeamCountry "SRB"]
[BlackTeamCountry "SRB"]

1. e4 c5 2. Nf3 Nc6 3. d4 cxd4 4. Nxd4 g6 5. Nc3 Bg7 6. Be3 Nf6 7. Bc4 0-0 8. h3 Nxe4 9. Nxe4 d5 10. Nxc6 bxc6 11. Bd3 dxe4 12. Bxe4 Bxb2 13. Bxc6 Qa5+ 14. Bd2 Qe5+ 15. Qe2 Qxe2+ 16. Kxe2 Ba6+ 17. Ke3 Rac8 18. Rab1 Ba3 19. Be4 Bc5+ 20. Kf3 Rfd8 21. Be3 Bxe3 22. Kxe3 Rc3+ 23. Kf4 Rd4 0-1

[Event "SRB-chT Premier"]
[Site "Ruma"]
[Date "2020.09.29"]
[Round "6.3"]
[White "Laketic, Gojko"]
[Black "Milosevic, Milos"]
[Result "0-1"]
[WhiteElo "2336"]
[BlackElo "2274"]
[PlyCount "64"]
[EventDate "2020.09.25"]
[EventType "team-tourn"]
[EventRounds "11"]
[EventCountry "SRB"]
[SourceTitle "CBM 198 Extra"]
[Source "ChessBase"]
[SourceDate "2020.11.30"]
[SourceVersion "1"]
[SourceVersionDate "2020.11.30"]
[SourceQuality "1"]
[WhiteTeam "Ruma Sloven"]
[BlackTeam "Belgrade Itaka"]
[WhiteTeamCountry "SRB"]
[BlackTeamCountry "SRB"]

1. Nf3 g6 2. e4 c5 3. d4 cxd4 4. Nxd4 Bg7 5. c4 Nc6 6. Be3 Nf6 7. Nc3 0-0 8. Be2 d6 9. Qd2 Bd7 10. 0-0 Nxd4 11. Bxd4 Bc6 12. f3 Nd7 13. Be3 a5 14. b3 Nc5 15. Rab1 e6 16. Rfd1 Be5 17. Bf1 Qh4 18. f4 Bxc3 19. Qxc3 Nxe4 20. Qd4 Rfe8 21. Re1 e5 22. fxe5 dxe5 23. Qb2 f5 24. Bb6 f4 25. Bd3 Ng5 26. Rxe5 Rxe5 27. Qxe5 Qg4 28. Qb2 f3 29. Bf1 Re8 30. g3 f2+ 31. Qxf2 Qe4 32. Qf4 Qh1+ 0-1

[Event "SRB-chT Premier"]
[Site "Ruma"]
[Date "2020.09.28"]
[Round "5.4"]
[White "Mijailovic, Zoran"]
[Black "Laketic, Gojko"]
[Result "0-1"]
[WhiteElo "2387"]
[BlackElo "2336"]
[PlyCount "175"]
[EventDate "2020.09.25"]
[EventType "team-tourn"]
[EventRounds "11"]
[EventCountry "SRB"]
[SourceTitle "CBM 198 Extra"]
[Source "ChessBase"]
[SourceDate "2020.11.30"]
[SourceVersion "1"]
[SourceVersionDate "2020.11.30"]
[SourceQuality "1"]
[WhiteTeam "Lucani Mladost"]
[BlackTeam "Ruma Sloven"]
[WhiteTeamCountry "SRB"]
[BlackTeamCountry "SRB"]

1. d4 Nf6 2. c4 c5 3. d5 b5 4. cxb5 a6 5. e3 g6 6. Nc3 Bg7 7. a4 0-0 8. e4 d6 9. Nf3 axb5 10. Bxb5 Ne8 11. 0-0 Nc7 12. Be2 Ba6 13. Re1 Nd7 14. Bg5 Re8 15. Qc2 Qb8 16. Rab1 Bxe2 17. Rxe2 Qb4 18. Bd2 Bxc3 19. Bxc3 Qxa4 20. Qd2 Qa2 21. Rd1 Nb5 22. e5 Nxc3 23. Qxc3 Nb6 24. Qd2 dxe5 25. Rxe5 Nd7 26. Ree1 Rab8 27. Re2 Nf6 28. Qc3 Nxd5 29. Qxc5 e6 30. Qd4 Rb4 31. Qe5 Reb8 32. h4 Rxb2 33. Rde1 Qb3 34. g3 Rxe2 35. Qxe2 Qb2 36. Kg2 Qf6 37. Ne5 Qf5 38. Ng4 Kg7 39. Ne3 Qe4+ 40. Kg1 Rb1 41. Rxb1 Qxb1+ 42. Nf1 Nf6 43. Qe5 Qd1 44. Qc3 h6 45. Kg2 Qd5+ 46. Qf3 Ng4 47. Nd2 Ne3+ 48. fxe3 Qxd2+ 49. Kh3 Qd3 50. Kh2 Qc2+ 51. Kg1 Qf5 52. Qe2 Qe4 53. Kh2 e5 54. Qf2 Qd3 55. Kg2 Qe4+ 56. Kh2 g5 57. hxg5 hxg5 58. Qe2 g4 59. Kg1 Kg6 60. Qd2 Qf3 61. Qe1 Kf5 62. Qb1+ Ke6 63. Qb6+ Ke7 64. Qc7+ Kf6 65. Qd8+ Kf5 66. Qc8+ Kf6 67. Qd8+ Ke6 68. Qb6+ Kd7 69. Qb5+ Kd6 70. Qb4+ Ke6 71. Qb6+ Kf5 72. Qb1+ Qe4 73. Qf1+ Kg6 74. Qe2 Kg5 75. Qd2 f6 76. Kh2 Kg6 77. Kg1 Qf3 78. Qe1 Kf5 79. Qb1+ Qe4 80. Qf1+ Kg5 81. Qe2 Kh5 82. Qh2+ Kg6 83. Qd2 Qb1+ 84. Kg2 Kf5 85. Qd7+ Kg5 86. Qd2 Kg6 87. Kh2 Qf1 88. Qd1 0-1

[Event "SRB-chT Premier"]
[Site "Ruma"]
[Date "2020.09.27"]
[Round "4.4"]
[White "Laketic, Gojko"]
[Black "Radisavljevic, Dalibor"]
[Result "1-0"]
[WhiteElo "2336"]
[BlackElo "2163"]
[PlyCount "91"]
[EventDate "2020.09.25"]
[EventType "team-tourn"]
[EventRounds "11"]
[EventCountry "SRB"]
[SourceTitle "CBM 198 Extra"]
[Source "ChessBase"]
[SourceDate "2020.11.30"]
[SourceVersion "1"]
[SourceVersionDate "2020.11.30"]
[SourceQuality "1"]
[WhiteTeam "Ruma Sloven"]
[BlackTeam "Belgrade Partizan"]
[WhiteTeamCountry "SRB"]
[BlackTeamCountry "SRB"]

1. d4 c5 2. d5 Nf6 3. Nc3 g6 4. e4 d6 5. Bb5+ Bd7 6. a4 Bg7 7. Nf3 0-0 8. 0-0 Na6 9. Re1 Nc7 10. Bf1 a6 11. a5 Nb5 12. Nb1 Ng4 13. c3 e5 14. h3 Nh6 15. Nbd2 f5 16. Nc4 f4 17. Nb6 Rb8 18. Ng5 Nc7 19. Nxd7 Qxd7 20. Qa4 Qe7 21. Nf3 g5 22. Nh2 Bf6 23. b4 cxb4 24. Qxb4 g4 25. hxg4 Bh4 26. Ba3 Rf6 27. c4 Rg6 28. Be2 Qg7 29. Qb3 Kh8 30. Rab1 Rg8 31. Qh3 Bd8 32. Rxb7 Nf7 33. c5 Rh6 34. Qd3 Qg5 35. cxd6 Nxd6 36. Bxd6 Rxd6 37. Rb6 Rxb6 38. axb6 Nb5 39. b7 Bb6 40. Qh3 Qe7 41. Bxb5 axb5 42. Nf3 b4 43. Qh6 Qxb7 44. Nxe5 Bc5 45. d6 Qb8 46. d7 1-0

[Event "SRB-chT Premier"]
[Site "Ruma"]
[Date "2020.09.26"]
[Round "2.5"]
[White "Laketic, Gojko"]
[Black "Nestorovic, Nikola"]
[Result "0-1"]
[WhiteElo "2336"]
[BlackElo "2470"]
[PlyCount "88"]
[EventDate "2020.09.25"]
[EventType "team-tourn"]
[EventRounds "11"]
[EventCountry "SRB"]
[SourceTitle "CBM 198 Extra"]
[Source "ChessBase"]
[SourceDate "2020.11.30"]
[SourceVersion "1"]
[SourceVersionDate "2020.11.30"]
[SourceQuality "1"]
[WhiteTeam "Ruma Sloven"]
[BlackTeam "Vladimirci"]
[WhiteTeamCountry "SRB"]
[BlackTeamCountry "SRB"]

1. d4 d5 2. c4 c6 3. Nf3 Nf6 4. Nbd2 g6 5. e3 Bg7 6. b4 a5 7. b5 a4 8. Ba3 0-0 9. Rc1 Bf5 10. cxd5 cxd5 11. Be2 Nbd7 12. 0-0 Re8 13. Nh4 Be6 14. Qc2 Qa5 15. Bd3 Nb6 16. Qb1 Nc8 17. Bb4 Qd8 18. Qb2 Nd6 19. Qa3 Nfe4 20. Nhf3 Bd7 21. Qb2 Bxb5 22. Bxb5 Nxb5 23. Bxe7 Nxd4 24. Bxd8 Nxf3+ 25. gxf3 Bxb2 26. Rc2 a3 27. Bh4 Nc3 28. Nb1 d4 29. exd4 Ne2+ 30. Kg2 Nxd4 31. Rc7 b5 32. Rb7 Nf5 33. Bg3 Nxg3 34. hxg3 Rab8 35. Re1 Rxb7 36. Rxe8+ Kg7 37. Nd2 b4 38. Nb3 Rd7 39. Rb8 Bc3 40. f4 h5 41. Kf3 Rd1 42. Rb7 Rb1 43. Nc5 Rb2 44. Ne6+ Kg8 0-1

[Event "SRB-chT Premier"]
[Site "Ruma"]
[Date "2020.09.25"]
[Round "1.2"]
[White "Velickovic, Sasa"]
[Black "Laketic, Gojko"]
[Result "1/2-1/2"]
[WhiteElo "2307"]
[BlackElo "2336"]
[PlyCount "39"]
[EventDate "2020.09.25"]
[EventType "team-tourn"]
[EventRounds "11"]
[EventCountry "SRB"]
[SourceTitle "CBM 198 Extra"]
[Source "ChessBase"]
[SourceDate "2020.11.30"]
[SourceVersion "1"]
[SourceVersionDate "2020.11.30"]
[SourceQuality "1"]
[WhiteTeam "Belgrade Crvena Zvezda"]
[BlackTeam "Ruma Sloven"]
[WhiteTeamCountry "SRB"]
[BlackTeamCountry "SRB"]

1. e4 Nf6 2. e5 Nd5 3. d4 d6 4. Nf3 g6 5. h3 Bg7 6. c4 Nb6 7. Nc3 0-0 8. Be3 dxe5 9. Nxe5 Be6 10. b3 c5 11. Rc1 cxd4 12. Bxd4 Qc8 13. Qd2 Nc6 14. Nxc6 Qxc6 15. Bxg7 Kxg7 16. Qe3 Nd7 17. Be2 Qc5 18. Qf3 b6 19. 0-0 Nf6 20. Rfd1 1/2-1/2

[Event "Robecchetto op 32nd"]
[Site "Robecchetto"]
[Date "2019.12.27"]
[Round "2"]
[White "Guerini, Silvia"]
[Black "Laketic, Gojko"]
[Result "0-1"]
[WhiteElo "2011"]
[BlackElo "2337"]
[PlyCount "82"]
[EventDate "2019.12.26"]
[EventType "swiss"]
[EventRounds "6"]
[EventCountry "ITA"]
[SourceTitle "CBM 194 Extra"]
[Source "ChessBase"]
[SourceDate "2020.03.31"]
[SourceVersion "1"]
[SourceVersionDate "2020.03.31"]
[SourceQuality "1"]

1. e4 g6 2. d4 Bg7 3. Nc3 d6 4. f4 c6 5. Nf3 Qb6 6. Qd3 Nf6 7. Be2 Nbd7 8. Be3 Qxb2 9. Rb1 Qa3 10. 0-0 Qa5 11. e5 Nd5 12. Nxd5 cxd5 13. exd6 exd6 14. Bd2 Qd8 15. Bb4 Nf6 16. Qe3+ Ne4 17. Bb5+ Bd7 18. Bd3 0-0 19. Bxe4 Re8 20. Bxd6 Rxe4 21. Qa3 b6 22. c3 Bf5 23. Rbe1 Qd7 24. Ne5 Qe6 25. Rxe4 Bxe4 26. h3 f6 27. Ng4 Qd7 28. Be7 Kf7 29. Bb4 a5 30. c4 dxc4 31. Bc3 b5 32. Qc5 b4 33. Bxb4 axb4 34. Qxc4+ Bd5 35. Qxb4 Rxa2 36. Ne3 Bf8 37. Qc3 Ra3 38. Qc1 Qc6 39. Qd2 Bb4 40. Qxb4 Rxe3 41. Ra1 Re7 0-1

[Event "Robecchetto op 32nd"]
[Site "Robecchetto"]
[Date "2019.12.26"]
[Round "1"]
[White "Laketic, Gojko"]
[Black "Hercegovac, Neven"]
[Result "1/2-1/2"]
[WhiteElo "2337"]
[BlackElo "2003"]
[PlyCount "71"]
[EventDate "2019.12.26"]
[EventType "swiss"]
[EventRounds "6"]
[EventCountry "ITA"]
[SourceTitle "CBM 194 Extra"]
[Source "ChessBase"]
[SourceDate "2020.03.31"]
[SourceVersion "1"]
[SourceVersionDate "2020.03.31"]
[SourceQuality "1"]

1. d4 Nf6 2. c4 c5 3. d5 b5 4. Nf3 g6 5. cxb5 a6 6. b6 Qxb6 7. Nc3 d6 8. e4 Bg7 9. a4 0-0 10. a5 Qb4 11. Nd2 e6 12. Ra4 Qb7 13. Nc4 exd5 14. exd5 Qe7+ 15. Be2 Bd7 16. Ra2 Bb5 17. Nb6 Bxe2 18. Qxe2 Ra7 19. Be3 Nbd7 20. 0-0 Rb8 21. Nca4 Nxb6 22. Nxb6 Nd7 23. b4 Nxb6 24. axb6 Rxb6 25. bxc5 dxc5 26. Qc4 Bd4 27. Bxd4 cxd4 28. Qxd4 Rb4 29. Qa1 Qd6 30. Rc1 Ra8 31. Ra5 Rab8 32. Rac5 Qxc5 33. Rxc5 Rb1+ 34. Rc1 Rxa1 35. Rxa1 Rd8 36. Rxa6 1/2-1/2

[Event "EU-Cup 35th"]
[Site "Ulcinj"]
[Date "2019.11.14"]
[Round "5.5"]
[White "Romanov, Evgeny"]
[Black "Laketic, Gojko"]
[Result "1-0"]
[WhiteElo "2597"]
[BlackElo "2346"]
[PlyCount "135"]
[EventDate "2019.11.10"]
[EventType "team-swiss"]
[EventRounds "7"]
[EventCountry "MNE"]
[SourceTitle "CBM 193 Extra"]
[Source "ChessBase"]
[SourceDate "2020.01.31"]
[SourceVersion "1"]
[SourceVersionDate "2020.01.31"]
[SourceQuality "1"]
[WhiteTeam "Valerenga"]
[BlackTeam "Sloven Ruma"]
[WhiteTeamCountry "NOR"]
[BlackTeamCountry "SRB"]

1. c4 Nf6 2. Nc3 e5 3. Nf3 d6 4. g3 g6 5. Bg2 Bg7 6. 0-0 0-0 7. d4 Nbd7 8. e4 a6 9. Re1 Rb8 10. a4 a5 11. h3 Re8 12. Be3 b6 13. Qc2 Bb7 14. dxe5 dxe5 15. Red1 Qc8 16. Nd5 c6 17. Nxf6+ Bxf6 18. h4 Nc5 19. Bxc5 bxc5 20. Kh2 Qc7 21. Bh3 Red8 22. Rxd8+ Rxd8 23. Rd1 Ba6 24. Rd3 Kg7 25. b3 Rxd3 26. Qxd3 Be7 27. h5 f6 28. hxg6 hxg6 29. Nh4 Bc8 30. Bxc8 Qxc8 31. Qd1 Bf8 32. Ng2 Kf7 33. Kg1 Kg7 34. g4 Kf7 35. g5 f5 36. Qd2 f4 37. f3 Qc7 38. Ne1 Kg8 39. Kf1 Be7 40. Ke2 Bxg5 41. Nd3 Be7 42. Kd1 Kf7 43. Kc2 Bd6 44. Qh2 Kg7 45. Qh3 Be7 46. Qe6 Bd6 47. Nf2 Qe7 48. Qc8 Qc7 49. Qh3 Qe7 50. Ng4 Qg5 51. Qh2 Bc7 52. Qg1 Qe7 53. Qf2 Kg8 54. Qh2 Qg5 55. Qh3 Bd6 56. Nf2 Qg3 57. Qe6+ Kg7 58. Nd3 Bb8 59. Qe7+ Kh6 60. Qf8+ Kh5 61. Qh8+ Kg5 62. Qxb8 Qg2+ 63. Kc3 Qxf3 64. Qxe5+ Kg4 65. Qe6+ Kh5 66. Qf7 Qxe4 67. Qxf4 Qh1 68. Qe5+ 1-0

[Event "Debrecen MGL-HUN Cup"]
[Site "Debrecen"]
[Date "2019.09.13"]
[Round "8"]
[White "Laketic, Gojko"]
[Black "Baklan, Vladimir"]
[Result "1/2-1/2"]
[WhiteElo "2367"]
[BlackElo "2604"]
[PlyCount "46"]
[EventDate "2019.09.09"]
[EventType "tourn"]
[EventRounds "10"]
[EventCountry "HUN"]
[EventCategory "9"]
[SourceTitle "EXT 2020"]
[Source "ChessBase"]
[SourceDate "2019.10.17"]
[SourceVersion "1"]
[SourceVersionDate "2019.10.17"]
[SourceQuality "1"]

1. d4 Nf6 2. c4 e6 3. Nf3 b6 4. g3 c6 5. Bg2 Be7 6. 0-0 0-0 7. Nc3 d5 8. Ne5 Ba6 9. b3 Nfd7 10. Nxd7 Nxd7 11. cxd5 cxd5 12. Bb2 Rc8 13. Qd2 Nf6 14. Rfc1 Qd7 15. Rc2 Rc7 16. Rac1 Rfc8 17. Qd1 h6 18. e3 Bb4 19. Nb1 Rc6 20. Rxc6 Rxc6 21. Rxc6 Qxc6 22. Bf1 Bxf1 23. Kxf1 g5 1/2-1/2

[Event "Debrecen MGL-HUN Cup"]
[Site "Debrecen"]
[Date "2019.09.12"]
[Round "5"]
[White "Varga, Zoltan"]
[Black "Laketic, Gojko"]
[Result "1/2-1/2"]
[WhiteElo "2437"]
[BlackElo "2367"]
[PlyCount "36"]
[EventDate "2019.09.09"]
[EventType "tourn"]
[EventRounds "10"]
[EventCountry "HUN"]
[EventCategory "9"]
[SourceTitle "EXT 2020"]
[Source "ChessBase"]
[SourceDate "2019.10.17"]
[SourceVersion "1"]
[SourceVersionDate "2019.10.17"]
[SourceQuality "1"]

1. e4 e5 2. Nf3 Nc6 3. Bb5 a6 4. Ba4 Nf6 5. d3 d6 6. c4 g6 7. h3 Bg7 8. Nc3 0-0 9. Bg5 h6 10. Be3 Nd7 11. Bxc6 bxc6 12. Qd2 Kh7 13. d4 exd4 14. Bxd4 f6 15. 0-0-0 Qe7 16. b3 Bb7 17. Rhe1 Qf7 18. Na4 c5 1/2-1/2

[Event "Debrecen MGL-HUN Cup"]
[Site "Debrecen"]
[Date "2019.09.10"]
[Round "2"]
[White "Laketic, Gojko"]
[Black "Kovchan, Alexander"]
[Result "1/2-1/2"]
[WhiteElo "2367"]
[BlackElo "2567"]
[PlyCount "98"]
[EventDate "2019.09.09"]
[EventType "tourn"]
[EventRounds "10"]
[EventCountry "HUN"]
[EventCategory "9"]
[SourceTitle "EXT 2020"]
[Source "ChessBase"]
[SourceDate "2019.10.17"]
[SourceVersion "1"]
[SourceVersionDate "2019.10.17"]
[SourceQuality "1"]

1. d4 Nf6 2. Nf3 g6 3. c4 Bg7 4. Nc3 d5 5. cxd5 Nxd5 6. Bd2 c5 7. Rc1 0-0 8. dxc5 Nxc3 9. Bxc3 Qxd1+ 10. Kxd1 Rd8+ 11. Ke1 Be6 12. a3 Nd7 13. Bxg7 Kxg7 14. Nd4 Nxc5 15. Nxe6+ Nxe6 16. e3 Rac8 17. Rxc8 Rxc8 18. Kd2 Nc5 19. f3 Nb3+ 20. Kd3 a5 21. Be2 f5 22. Bd1 Rc1 23. f4 a4 24. g3 Kf6 25. Bf3 Rc7 26. Rd1 e5 27. fxe5+ Kxe5 28. Re1 g5 29. Bd1 Rc1 30. Rh1 b5 31. Bf3 Rc7 32. Rd1 g4 33. Bg2 h5 34. Rf1 Rd7+ 35. Kc3 Rd2 36. Bc6 Rxh2 37. Bd7 Nc5 38. Rxf5+ Kd6 39. Bxb5 Ne4+ 40. Kd4 Nxg3 41. Rf6+ Ke7 42. Ke5 Rc2 43. Re6+ Kf7 44. Be8+ Kg7 45. Kf4 Ne2+ 46. Kg5 g3 47. Bxh5 g2 48. Re7+ Kf8 49. Re8+ Kg7 1/2-1/2

[Event "SRB-chT"]
[Site "Subotica"]
[Date "2019.08.30"]
[Round "9.6"]
[White "Laketic, Gojko"]
[Black "Milekic, Daniel"]
[Result "0-1"]
[WhiteElo "2376"]
[BlackElo "2298"]
[PlyCount "91"]
[EventDate "2019.08.22"]
[EventType "team-tourn"]
[EventRounds "11"]
[EventCountry "SRB"]
[SourceTitle "EXT 2020"]
[Source "ChessBase"]
[SourceDate "2019.10.17"]
[SourceVersion "1"]
[SourceVersionDate "2019.10.17"]
[SourceQuality "1"]
[WhiteTeam "Ruma Sloven"]
[BlackTeam "Rudovci Radnicki"]
[WhiteTeamCountry "SRB"]
[BlackTeamCountry "SRB"]

1. d4 Nf6 2. c4 e6 3. Nf3 d5 4. Nc3 c6 5. e3 Nbd7 6. Qc2 b6 7. cxd5 exd5 8. Bd3 Bb7 9. 0-0 Be7 10. e4 dxe4 11. Nxe4 0-0 12. Ne5 c5 13. Ng5 g6 14. Bc4 Nd5 15. Qb3 Nxe5 16. dxe5 Bxg5 17. Rd1 Bxc1 18. Raxc1 Qg5 19. Bxd5 Bxd5 20. Qxd5 Rad8 21. Qe4 Rd4 22. Qe1 Re8 23. Rxd4 cxd4 24. e6 Rxe6 25. Rc8+ Kg7 26. Qb4 Qe5 27. Qf8+ Kf6 28. h4 Qe1+ 29. Kh2 Qxf2 30. Qd8+ Kf5 31. Qd5+ Kf4 32. Qg5+ Ke4 33. Rd8 f5 34. Rd7 Qe3 35. Qd8 Kd3 36. Qc7 f4 37. Qc3+ Ke4 38. Qc2+ Qd3 39. Qc8 Qg3+ 40. Kg1 Qe1+ 41. Kh2 Qxh4+ 42. Kg1 Qe1+ 43. Kh2 Ke3 44. Rxh7 Kf2 45. Qc2+ Re2 46. Qc4 0-1

[Event "SRB-chT"]
[Site "Subotica"]
[Date "2019.08.25"]
[Round "4.4"]
[White "Radovic, Luka"]
[Black "Laketic, Gojko"]
[Result "1-0"]
[WhiteElo "2328"]
[BlackElo "2376"]
[PlyCount "130"]
[EventDate "2019.08.22"]
[EventType "team-tourn"]
[EventRounds "11"]
[EventCountry "SRB"]
[SourceTitle "EXT 2020"]
[Source "ChessBase"]
[SourceDate "2019.10.17"]
[SourceVersion "1"]
[SourceVersionDate "2019.10.17"]
[SourceQuality "1"]
[WhiteTeam "Kraljevo Sloga Turist"]
[BlackTeam "Ruma Sloven"]
[WhiteTeamCountry "SRB"]
[BlackTeamCountry "SRB"]

1. Nf3 d5 2. c4 d4 3. g3 g6 4. Bg2 Bg7 5. 0-0 c5 6. e3 Nc6 7. d3 dxe3 8. fxe3 Nh6 9. Nc3 0-0 10. Qe2 Bg4 11. h3 Bxf3 12. Bxf3 Nf5 13. Kg2 Qc7 14. Qf2 Ne5 15. Nd5 Qd8 16. Be2 e6 17. Nf4 Rc8 18. Rd1 a6 19. Rb1 b5 20. b3 bxc4 21. bxc4 Qa5 22. Bd2 Qa4 23. Bc3 Nxc4 24. dxc4 Bxc3 25. g4 Ne7 26. Rb7 Nc6 27. Rdd7 Ne5 28. Re7 Rfe8 29. Nxg6 Qc6+ 30. Kg1 Qxb7 31. Rxb7 hxg6 32. Rb3 Bb4 33. a3 Ba5 34. Qf6 Nd7 35. Qg5 Bd8 36. Qf4 Bc7 37. Qe4 Ne5 38. Rb7 Bd6 39. Rb6 Bc7 40. Rxa6 Rb8 41. Ra7 Bd6 42. a4 Kg7 43. Rb7 Rbc8 44. Bd1 Rh8 45. Kg2 g5 46. a5 Rc6 47. Rb5 Kf6 48. Bf3 Rd8 49. Qb1 Rc7 50. Bb7 Rcd7 51. Rb2 Bb8 52. Rf2+ Ke7 53. a6 Ng6 54. Ra2 Rd1 55. Qb6 Nh4+ 56. Kf2 R1d2+ 57. Rxd2 Rxd2+ 58. Ke1 Ra2 59. Qxc5+ Kf6 60. Qd4+ Ke7 61. Kd1 Ng6 62. Be4 Ne5 63. Qb6 Nd7 64. Qb7 Kd6 65. c5+ Kxc5 1-0